000 00746nam a2200253Ia 4500
003 OSt
005 20220925230824.0
006 a|||||r|||| 00| 0
007 ta
008 220923b |||||||| |||| 00| 0 eng d
020 _a9781412991049
037 _cGeneral Book
040 _aRTL
_cRTL
_beng
041 _2eng
_aeng
082 _aYb4, Q2
100 _aWHEELDON Johannes
_9294406
245 0 _aVisualizing social science research
_b Maps, methods, and meaning
260 _aLos
_bAngeles Sage
_c2012
300 _axiii,205p
_ccm.
490 _aStudies in Critical Sciences
700 _a AHLBERG Mauri K
_9294407
942 _hYb4, Q2
_cGB
_2CC
999 _c586666
_d586666